| 000 | 00789nam a22002175i 4500 | ||
|---|---|---|---|
| 001 | 176952 | ||
| 003 | ES-MaACL | ||
| 005 | 20250801034209.0 | ||
| 008 | 110221s2010 sp o |||| | spa d | ||
| 020 | _a978-84-614-4204-1 | ||
| 080 | _a27 | ||
| 100 | 1 |
_aNavarro Zamorano, Salvador. _985196 |
|
| 245 | 1 | 3 |
_aEl sermón de la montaña de las grandes religiones / _cautor, Salvador Navarro Zamorano ; diseño de portada, Isabel Navarro Reynés. |
| 260 |
_aBunyola (Mallorca) : _bSalvador Navarro Zamorano, _cD. L. 2010. |
||
| 300 |
_a119 p. : _b1 fot. del autor ; _c21 cm. |
||
| 630 | 0 | 4 |
_aSermón de la montaña- _xMeditaciones. _9145290 |
| 650 | 0 | 7 |
_aCristianismo _2embne _911425 |
| 700 | 1 |
_aNavarro Reynés, Isabel. _9143821 |
|
| 852 |
_aES-MaACL _jE-14375 |
||
| 999 |
_c176952 _d176952 |
||